Normal view
MARC view
- MILLER, W. E,SPREADBURY, E. A. W
Entry Personal Name
001 - CONTROL NUMBER
- control field: 80054
003 - CONTROL NUMBER IDENTIFIER
- control field: NUST
005 - DATE AND TIME OF LATEST TRANSACTION
- control field: 20210628210601.0
008 - FIXED-LENGTH DATA ELEMENTS
- fixed length control field: 210628|| aca||aabn | a|a d
040 ## - CATALOGING SOURCE
- Original cataloging agency: NUST
- Transcribing agency: NUST
100 ## - HEADING--PERSONAL NAME
- Personal name: MILLER, W. E,SPREADBURY, E. A. W
670 ## - SOURCE DATA FOUND
- Source citation: Work cat.: (NUST): MILLER, W. E,SPREADBURY, E. A. W, RADIO CIRCUIT A STEP BY STEP SURVEY, 1966
